| 000 | 01528nam a2200313 a 4500 | ||
|---|---|---|---|
| 001 | BRCA_3107 | ||
| 005 | 20190320204121.0 | ||
| 008 | 290109s1846----fr-#---###---#000-0#fre-u | ||
| 041 | _afre | ||
| 044 | _afr | ||
| 084 |
_a413 _b.D53 _c1846 |
||
| 100 | 1 |
_aCervantes Saavedra, Miguel de _d1547-1616 _9213 |
|
| 245 | 1 | 0 |
_aHistoire de Don Quichotte de la Manche _cMiguel de Cervantes Saavedra. |
| 260 |
_aParís _bDidier _c1846 |
||
| 300 |
_a2 v. _c18 cm. |
||
| 500 | _aContenido : v 1. Primera parte. Advertencia del traductor. Elogio de Mor de Fuentes. Prólogo del autor. Texto. -- v 2. Segunda parte. Dedicatoria del autor. Prólogo del autor. Texto | ||
| 500 | _aEdición : Traduite sur le texte original et d´après les traductions comparèes de Oudin et Rosset, Filleau de Saint-Martin, Florian, Bouchon-Dubounial, Delaunay et L. Viardot, par F. de Brotonne, conservateur de la Bibliotèque de Sainte-Genviève. Nouvelle Edition | ||
| 500 | _aEdición similar al LO-412, pero de menor tamaño y sin láminas. Semipiel; lomos decorados con filetes dorados Lúdovik Osterc | ||
| 500 | _aQM335 | ||
| 546 | _aTexto en : francés | ||
| 650 | 1 | 4 |
_aNovela española _yÉpoca clásica, 1500-1700 _9215 |
| 650 | 1 | 4 |
_aLiteratura española _yÉpoca clásica, 1500-1700 _9216 |
| 650 | 1 | 4 |
_aNovela española _ySiglo XVII _9217 |
| 650 | 1 | 4 |
_aDon Quijote (Personaje ficticio) _eNovela _9218 |
| 700 | 1 |
_aBrotonne, F. _eTraductor _98460 |
|
| 740 | 0 | _aEl Ingenioso Hidalgo Don Quijote de la Mancha | |
| 902 | _aQFM | ||
| 942 |
_2lcc _cB |
||
| 999 |
_c2843 _d2843 |
||